Diagnóstico y rehabilitación de suelos salinos y sódicos : personal del laboratorio de salinidad de los Estados Unidos
সংরক্ষণ করুন:
| প্রধান লেখক: | |
|---|---|
| বিন্যাস: | গ্রন্থ |
| ভাষা: | স্প্যানিশ |
| প্রকাশিত: |
Limusa.
1973.
|
| সংস্করন: | 6ª ed. |
| বিষয়গুলি: | |
| ট্যাগগুলো: |
ট্যাগ যুক্ত করুন
কোনো ট্যাগ নেই, প্রথমজন হিসাবে ট্যাগ করুন!
|
MARC
| LEADER | 00000nam a22000005a 4500 | ||
|---|---|---|---|
| 001 | 5841 | ||
| 003 | CL-ChBUA | ||
| 005 | 20120815102931.0 | ||
| 008 | 070301s1973 mx 000 0 spa | ||
| 040 | |a CL-ChBUA |c CL-ChBUA | ||
| 082 | 0 | 0 | |a 631.4 |
| 090 | |c 5841 |d 5841 | ||
| 100 | 1 | |a Richards, L.A., ed. | |
| 245 | 1 | 0 | |a Diagnóstico y rehabilitación de suelos salinos y sódicos : |b personal del laboratorio de salinidad de los Estados Unidos |
| 250 | |a 6ª ed. | ||
| 260 | |b Limusa. |c 1973. | ||
| 300 | |a xv, 172 p. : il. |b xv, 172 p. : il. |c 28 cm. | ||
| 504 | |a Indice. | ||
| 650 | 4 | |a SUELOS. | |
| 942 | |c LIB | ||
| 952 | |0 0 |1 0 |4 0 |7 0 |9 8741 |a UNACH |b UNACH |c 600 |d 2007-03-05 |i 26.091. |l 0 |o 631.4 / D 536. |p 9740 |r 2017-10-12 00:00:00 |u 8741 |w 2012-08-08 |y LIB |k 631.4 / D 536. | ||
| 999 | |c 5841 |d 5841 | ||